[Event "EU-ch Rapid"]
[Site "Katowice"]
[Date "2022.12.18"]
[Round "9"]
[White "Horvath, Dominik"]
[Black "Decosse, Jean Fabien"]
[Result "1-0"]
[WhiteElo "2502"]
[BlackElo "2149"]
[PlyCount "47"]
[EventDate "2022.12.17"]
[EventType "swiss (rapid)"]
[EventRounds "11"]
[EventCountry "POL"]
[SourceTitle "CBM 211 Extra"]
[Source "ChessBase"]
[SourceDate "2023.01.31"]
[SourceVersion "1"]
[SourceVersionDate "2023.01.31"]
[SourceQuality "1"]

1. e4 d6 2. d4 Nf6 3. Nc3 e5 4. Nf3 Nbd7 5. Bc4 Be7 6. 0-0 0-0 7. Re1 c6 8. a4 a5 9. Ba2 exd4 10. Nxd4 Nc5 11. Bf4 Be6 12. Bg3 Bxa2 13. Rxa2 g6 14. Qf3 Ne6 15. Nxe6 fxe6 16. e5 Nd5 17. Qg4 Nxc3 18. Qxe6+ Rf7 19. bxc3 dxe5 20. Rb2 Qd2 21. Rf1 b5 22. Qxc6 Raf8 23. Rxb5 e4 24. Qxe4 1-0

[Event "EU-ch Rapid"]
[Site "Katowice"]
[Date "2022.12.18"]
[Round "11"]
[White "Johannsdottir, Johanna Bjorg"]
[Black "Decosse, Jean Fabien"]
[Result "0-1"]
[WhiteElo "1974"]
[BlackElo "2149"]
[PlyCount "86"]
[EventDate "2022.12.17"]
[EventType "swiss (rapid)"]
[EventRounds "11"]
[EventCountry "POL"]
[SourceTitle "CBM 211 Extra"]
[Source "ChessBase"]
[SourceDate "2023.01.31"]
[SourceVersion "1"]
[SourceVersionDate "2023.01.31"]
[SourceQuality "1"]

1. e4 d6 2. Nf3 Nf6 3. d3 e5 4. g3 Be7 5. Bg2 Nbd7 6. Nbd2 0-0 7. 0-0 c6 8. d4 Qc7 9. Re1 b5 10. c3 Bb7 11. Nh4 Rfe8 12. Nf5 Bf8 13. Nf1 Rad8 14. h4 a6 15. Bg5 h6 16. Bxf6 Nxf6 17. Qf3 Nh7 18. N1e3 g6 19. Ng4 gxf5 20. exf5 f6 21. dxe5 dxe5 22. Rad1 Qf7 23. a3 h5 24. Ne3 Bc5 25. c4 Bd4 26. cxb5 axb5 27. b4 Rd7 28. Bf1 c5 29. Qe2 c4 30. Qc2 Red8 31. Be2 Bxe3 32. fxe3 Rxd1 33. Bxd1 Qd5 34. e4 Qd4+ 35. Kh2 Bxe4 36. Qxe4 Qxe4 37. Rxe4 Rxd1 38. a4 Rd2+ 39. Kh3 Rd4 40. Rxd4 exd4 41. a5 Nf8 42. a6 Nd7 43. a7 Nb6 0-1

[Event "EU-ch Rapid"]
[Site "Katowice"]
[Date "2022.12.17"]
[Round "6"]
[White "Decosse, Jean Fabien"]
[Black "Dragnev, Valentin"]
[Result "1-0"]
[WhiteElo "2149"]
[BlackElo "2556"]
[PlyCount "91"]
[EventDate "2022.12.17"]
[EventType "swiss (rapid)"]
[EventRounds "11"]
[EventCountry "POL"]
[SourceTitle "CBM 211 Extra"]
[Source "ChessBase"]
[SourceDate "2023.01.31"]
[SourceVersion "1"]
[SourceVersionDate "2023.01.31"]
[SourceQuality "1"]

1. d4 Nf6 2. c4 e6 3. Nc3 Bb4 4. e3 0-0 5. Nge2 c6 6. a3 Ba5 7. b4 Bc7 8. d5 exd5 9. cxd5 Be5 10. Nd4 cxd5 11. Be2 Nc6 12. 0-0 Nxd4 13. exd4 Bxh2+ 14. Kxh2 Qc7+ 15. Kg1 Qxc3 16. Ra2 Qc7 17. Rc2 Qb6 18. Bf4 d6 19. g4 Bd7 20. g5 Ne8 21. Bd3 g6 22. Qf3 Be6 23. Be3 Ng7 24. Rfc1 Bf5 25. Bxf5 Nxf5 26. Qxd5 Rae8 27. Rc3 Qd8 28. Bf4 Re7 29. Kg2 Rfe8 30. Rh1 Re4 31. Rxh7 R4e6 32. Rch3 Kf8 33. Qxb7 Ne7 34. d5 Re4 35. Kf3 Rd4 36. Be3 Rd3 37. Ke2 Rxa3 38. Rf3 Kg8 39. Rfxf7 Ra2+ 40. Kf1 Ra1+ 41. Kg2 Qc8 42. Qxc8 Nxc8 43. Bd4 Rd1 44. Bf6 Rxd5 45. Rfg7+ Kf8 46. Rh8# 1-0

[Event "Reykjavik Kvika op"]
[Site "Reykjavik"]
[Date "2022.04.11"]
[Round "8"]
[White "Anand Jr, Vignesh"]
[Black "Decosse, Jean Fabien"]
[Result "1-0"]
[WhiteElo "1829"]
[BlackElo "2160"]
[PlyCount "73"]
[EventDate "2022.04.06"]
[EventType "swiss"]
[EventRounds "9"]
[EventCountry "ISL"]
[SourceTitle "CBM 207 Extra"]
[Source "ChessBase"]
[SourceDate "2022.05.31"]
[SourceVersion "1"]
[SourceVersionDate "2022.05.31"]
[SourceQuality "1"]

1. e4 d6 2. d4 Nf6 3. Nc3 e5 4. Nf3 Nbd7 5. Bc4 Be7 6. 0-0 0-0 7. a4 a6 8. Re1 c6 9. Bf1 b6 10. h3 Bb7 11. b3 Qc7 12. Bb2 Rfe8 13. Qd2 Bf8 14. Bd3 g6 15. dxe5 dxe5 16. Rad1 b5 17. Qc1 Nh5 18. Qa1 f6 19. Ne2 Ng7 20. Nh2 Ne6 21. Ng4 Bg7 22. f4 Rad8 23. Rf1 Rf8 24. g3 Bc8 25. Rf2 h5 26. Nh2 Ndc5 27. Ba3 Rfe8 28. Kg2 Nxd3 29. cxd3 bxa4 30. bxa4 Qa5 31. Qa2 Kh7 32. f5 Qxa4 33. Ra1 Rxd3 34. fxe6 Bxe6 35. Qb2 Rb3 36. Qc2 Rxg3+ 37. Nxg3 1-0

[Event "Reykjavik Kvika op"]
[Site "Reykjavik"]
[Date "2022.04.08"]
[Round "4"]
[White "Decosse, Jean Fabien"]
[Black "Rachlin, Paul"]
[Result "1-0"]
[WhiteElo "2160"]
[BlackElo "1820"]
[PlyCount "71"]
[EventDate "2022.04.06"]
[EventType "swiss"]
[EventRounds "9"]
[EventCountry "ISL"]
[SourceTitle "CBM 207 Extra"]
[Source "ChessBase"]
[SourceDate "2022.05.31"]
[SourceVersion "1"]
[SourceVersionDate "2022.05.31"]
[SourceQuality "1"]

1. d4 d5 2. c4 c6 3. Nf3 Nf6 4. e3 e6 5. Nc3 Nbd7 6. b3 Bd6 7. Bd3 Qe7 8. Bb2 b6 9. e4 dxe4 10. Nxe4 Nxe4 11. Bxe4 Bb4+ 12. Nd2 Bb7 13. 0-0 0-0 14. a3 Bd6 15. b4 Nf6 16. Bf3 Qc7 17. g3 Rad8 18. Qe2 Rfe8 19. c5 Bf8 20. Rfd1 b5 21. Nb3 Nd5 22. Na5 Bc8 23. Rd3 f5 24. Re1 g6 25. Bc1 Bg7 26. Bg5 Rd7 27. Qd2 Kf7 28. Rd1 Bb7 29. Bf4 e5 30. dxe5 Bxe5 31. Bxd5+ cxd5 32. Bxe5 Rxe5 33. c6 Bxc6 34. Rc3 Rd6 35. Rdc1 Ree6 36. Nxc6 1-0

[Event "EU-ch blitz"]
[Site "Tallinn"]
[Date "2019.12.07"]
[Round "4"]
[White "Decosse, Jean Fabien"]
[Black "Gretarsson, Helgi Ass"]
[Result "0-1"]
[WhiteElo "2185"]
[BlackElo "2523"]
[PlyCount "109"]
[EventDate "2019.12.07"]
[EventType "swiss (blitz)"]
[EventRounds "22"]
[EventCountry "EST"]
[SourceTitle "CBM 193 Extra"]
[Source "ChessBase"]
[SourceDate "2020.01.31"]
[SourceVersion "1"]
[SourceVersionDate "2020.01.31"]
[SourceQuality "1"]

1. d4 g6 2. c4 Bg7 3. Nf3 d6 4. Nc3 Bg4 5. e3 c5 6. Be2 Nh6 7. h3 Bxf3 8. Bxf3 cxd4 9. exd4 Nc6 10. Be3 Nf5 11. Bxc6+ bxc6 12. Qa4 Qb6 13. c5 dxc5 14. dxc5 Qb7 15. 0-0 Nxe3 16. fxe3 0-0 17. Qc2 Qb4 18. Na4 Rad8 19. Rad1 Be5 20. a3 Qh4 21. Nc3 Qc4 22. Qe4 Qxc5 23. Na4 Qb5 24. Nc3 Bxc3 25. bxc3 Qc5 26. c4 Rxd1 27. Rxd1 Rb8 28. Rd7 e6 29. Qf4 Rf8 30. Qd4 Qxa3 31. Rxa7 Qc1+ 32. Kh2 Qc2 33. c5 Qf5 34. Rc7 Qd5 35. Qxd5 cxd5 36. Kg3 Ra8 37. Kf4 f6 38. Re7 Ra4+ 39. Kf3 Rc4 40. Rxe6 Rxc5 41. Rxf6 Kg7 42. Rd6 Ra5 43. g4 h6 44. h4 Kf7 45. h5 gxh5 46. gxh5 Kg7 47. Kf4 Ra4+ 48. Kf3 Ra5 49. Rg6+ Kh7 50. Rd6 Kg7 51. Kf4 Ra4+ 52. Kf3 Ra5 53. Kf4 Ra4+ 54. Kf3 Ra5 55. Kf4 0-1

[Event "EU-ch blitz"]
[Site "Tallinn"]
[Date "2019.12.07"]
[Round "3"]
[White "Gretarsson, Helgi Ass"]
[Black "Decosse, Jean Fabien"]
[Result "1-0"]
[WhiteElo "2523"]
[BlackElo "2185"]
[PlyCount "104"]
[EventDate "2019.12.07"]
[EventType "swiss (blitz)"]
[EventRounds "22"]
[EventCountry "EST"]
[SourceTitle "CBM 193 Extra"]
[Source "ChessBase"]
[SourceDate "2020.01.31"]
[SourceVersion "1"]
[SourceVersionDate "2020.01.31"]
[SourceQuality "1"]

1. d4 Nf6 2. c4 e6 3. Nf3 Bb4+ 4. Nbd2 c5 5. a3 Bxd2+ 6. Qxd2 cxd4 7. Qxd4 Nc6 8. Qh4 0-0 9. e3 d5 10. Be2 Na5 11. cxd5 Nb3 12. Rb1 Qa5+ 13. Qb4 Qxb4+ 14. axb4 Nxd5 15. b5 a6 16. bxa6 bxa6 17. Bc4 Nxc1 18. Rxc1 Bb7 19. Ke2 Rfc8 20. Rhd1 Kf8 21. Bd3 h6 22. Ne5 Ke7 23. f3 Rxc1 24. Rxc1 Rc8 25. Rxc8 Bxc8 26. Kd2 f6 27. Nc6+ Kd6 28. Na5 Kc5 29. g3 e5 30. e4 Nb6 31. Nb3+ Kb4 32. Bc2 Nc4+ 33. Kc1 a5 34. Nd2 Nxd2 35. Kxd2 Ba6 36. f4 Bc4 37. h4 g5 38. hxg5 hxg5 39. fxg5 fxg5 40. Kc1 Bb3 41. Bd3 Bc4 42. Bc2 Kc5 43. Kd2 Kd4 44. Bb1 Bb3 45. Ke2 Bf7 46. Kf3 Bh5+ 47. g4 Be8 48. Bc2 Bc6 49. Bb1 Bb5 50. Ba2 Bc4 51. Bb1 Bd3 52. Bxd3 Kxd3 1-0

[Event "Paris Oscaro blitz"]
[Site "Paris"]
[Date "2017.09.16"]
[Round "6"]
[White "Decosse, Jean Fabien"]
[Black "Tregubov, Pavel V"]
[Result "0-1"]
[WhiteElo "2218"]
[BlackElo "2589"]
[PlyCount "89"]
[EventDate "2017.09.16"]
[EventType "swiss (blitz)"]
[EventRounds "9"]
[EventCountry "FRA"]
[SourceTitle "CBM 180 Extra"]
[Source "ChessBase"]
[SourceDate "2017.10.06"]
[SourceVersion "1"]
[SourceVersionDate "2017.10.06"]
[SourceQuality "1"]

1. d4 Nf6 2. c4 e6 3. Nc3 Bb4 4. e3 0-0 5. Nge2 d5 6. a3 Be7 7. cxd5 exd5 8. g3 c6 9. Bg2 Na6 10. 0-0 Nc7 11. f3 c5 12. dxc5 Bxc5 13. Nd4 Re8 14. Re1 Bd7 15. b4 Bb6 16. Bb2 Ne6 17. Nce2 Rc8 18. Qd2 Rc4 19. Rac1 Qc7 20. Nxe6 fxe6 21. Rxc4 Qxc4 22. Bd4 Bxd4 23. exd4 Rc8 24. Rc1 Qb3 25. Rxc8+ Bxc8 26. Qc3 Qd1+ 27. Kf2 Bd7 28. Qc7 Bb5 29. Qb8+ Ne8 30. Qe5 Qxe2+ 31. Qxe2 Bxe2 32. Kxe2 Nd6 33. f4 Nb5 34. Kd3 Nxa3 35. f5 Kf7 36. Bh3 exf5 37. Bxf5 h6 38. Bc8 b6 39. Ba6 Ke6 40. Kc3 g5 41. g4 Kd6 42. Kb3 Nc4 43. Bxc4 dxc4+ 44. Kxc4 a5 45. Kd3 0-1

[Event "FRA-chT Top 12"]
[Site "Chartres"]
[Date "2017.05.28"]
[Round "11.6"]
[White "Pelletier, Yannick"]
[Black "Decosse, Jean Fabien"]
[Result "1-0"]
[WhiteElo "2543"]
[BlackElo "2216"]
[PlyCount "41"]
[EventDate "2017.05.18"]
[EventType "team-tourn"]
[EventRounds "11"]
[EventCountry "FRA"]
[SourceTitle "CBM 178 Extra"]
[Source "ChessBase"]
[SourceDate "2017.06.22"]
[SourceVersion "1"]
[SourceVersionDate "2017.06.22"]
[SourceQuality "1"]
[WhiteTeam "Bischwiller"]
[BlackTeam "Lisieux"]
[WhiteTeamCountry "FRA"]
[BlackTeamCountry "FRA"]

1. Nf3 Nf6 2. c4 e6 3. g3 b6 4. Bg2 Bb7 5. 0-0 Be7 6. Nc3 0-0 7. Re1 d5 8. cxd5 Nxd5 9. e4 Nxc3 10. bxc3 c5 11. d4 Nc6 12. d5 exd5 13. exd5 Na5 14. Ne5 Bf6 15. Qd3 c4 16. Qf3 Re8 17. Bf4 g5 18. Ng4 Rxe1+ 19. Rxe1 Bg7 20. Be5 Bxe5 21. Nh6+ 1-0

[Event "FRA-chT Top 12"]
[Site "Chartres"]
[Date "2017.05.20"]
[Round "3.7"]
[White "Delorme, Axel"]
[Black "Decosse, Jean Fabien"]
[Result "1-0"]
[WhiteElo "2514"]
[BlackElo "2216"]
[PlyCount "59"]
[EventDate "2017.05.18"]
[EventType "team-tourn"]
[EventRounds "11"]
[EventCountry "FRA"]
[SourceTitle "CBM 178 Extra"]
[Source "ChessBase"]
[SourceDate "2017.06.22"]
[SourceVersion "1"]
[SourceVersionDate "2017.06.22"]
[SourceQuality "1"]
[WhiteTeam "Clichy Echecs 92"]
[BlackTeam "Lisieux"]
[WhiteTeamCountry "FRA"]
[BlackTeamCountry "FRA"]

1. e4 d6 2. d4 Nf6 3. Nc3 e5 4. Nge2 Nc6 5. f3 g6 6. Be3 exd4 7. Nxd4 Nxd4 8. Qxd4 Bg7 9. 0-0-0 0-0 10. Qd2 Be6 11. g4 Nd7 12. h4 Ne5 13. Be2 Nc4 14. Bxc4 Bxc4 15. h5 Re8 16. hxg6 hxg6 17. Bd4 f6 18. g5 Qe7 19. Qh2 fxg5 20. Qh7+ Kf8 21. Qxg6 Bg8 22. Nd5 Bxd5 23. Rh7 Bxd4 24. Rxd4 Qxh7 25. Qxh7 Bf7 26. Qh6+ Ke7 27. Qxg5+ Kd7 28. e5 Re6 29. exd6 Rxd6 30. Qb5+ 1-0

[Event "Le Port Marly Paribas blitz op"]
[Site "Le Port Marly"]
[Date "2012.06.16"]
[Round "10.6"]
[White "Decosse, Jean Fabien"]
[Black "Capone, Nicola"]
[Result "0-1"]
[WhiteElo "2440"]
[BlackElo "2380"]
[PlyCount "84"]
[EventDate "2012.06.18"]
[EventType "swiss (blitz)"]
[EventRounds "13"]
[EventCountry "FRA"]
[SourceTitle "EXT 2014"]
[Source "ChessBase"]
[SourceDate "2013.11.20"]
[SourceVersion "1"]
[SourceVersionDate "2013.11.20"]
[SourceQuality "1"]

1. d4 Nf6 2. c4 c5 3. d5 e6 4. Nc3 exd5 5. cxd5 d6 6. e4 g6 7. f3 Bg7 8. Bg5 0-0 9. Qd2 Re8 10. a4 Na6 11. Nge2 Nc7 12. Ng3 Rb8 13. Be2 b6 14. 0-0 a6 15. Nh1 b5 16. axb5 axb5 17. Ra7 b4 18. Nd1 Rb7 19. Rxb7 Bxb7 20. Nhf2 Qd7 21. Ne3 Nb5 22. Nc4 Nd4 23. Bd3 Ba6 24. Qf4 Bxc4 25. Bxc4 Nh5 26. Qd2 f5 27. Qd3 f4 28. Qd2 Qf7 29. Nd3 Be5 30. Ra1 h6 31. Bxh6 Qf6 32. Nxe5 dxe5 33. Ra7 g5 34. d6+ Kh8 35. Bf7 Rd8 36. Bxh5 Qxh6 37. Bg4 Qxd6 38. Qd3 Qb6 39. Ra6 c4 40. Qxc4 Nxf3+ 41. Kf1 Qg1+ 42. Ke2 Qxg2# 0-1

[Event "Le Port Marly Paribas blitz op"]
[Site "Le Port Marly"]
[Date "2012.06.16"]
[Round "1.6"]
[White "Kvashyna, Tetyana"]
[Black "Decosse, Jean Fabien"]
[Result "1/2-1/2"]
[WhiteElo "1870"]
[BlackElo "2440"]
[PlyCount "85"]
[EventDate "2012.06.18"]
[EventType "swiss (blitz)"]
[EventRounds "13"]
[EventCountry "FRA"]
[SourceTitle "EXT 2014"]
[Source "ChessBase"]
[SourceDate "2013.11.20"]
[SourceVersion "1"]
[SourceVersionDate "2013.11.20"]
[SourceQuality "1"]

1. d4 d6 2. Nf3 Nf6 3. e3 Nbd7 4. Bd3 e5 5. dxe5 dxe5 6. Nbd2 Bd6 7. e4 c6 8. 0-0 0-0 9. b3 Nc5 10. Bb2 Nxd3 11. cxd3 Qe7 12. Nc4 Bg4 13. Nxd6 Bxf3 14. Qxf3 Qxd6 15. Rad1 Rad8 16. a4 Rfe8 17. h3 Qb4 18. Qf5 Qe7 19. Ba1 Rd7 20. Rd2 g6 21. Qf3 Red8 22. Rfd1 Nh5 23. g3 Ng7 24. Kg2 Ne6 25. Bxe5 Qb4 26. d4 Nxd4 27. Qf6 Kf8 28. Rxd4 Rxd4 29. Rxd4 Rxd4 30. Bxd4 Ke8 31. Qh8+ Ke7 32. Qf6+ Ke8 33. Qe5+ Kd7 34. Bc5 Qxb3 35. Qd6+ Kc8 36. Qf8+ Kd7 37. Bd6 Qe6 38. e5 Qd5+ 39. f3 Qd2+ 40. Kf1 Qd1+ 41. Kf2 Qd2+ 42. Kf1 Qd1+ 43. Kf2 1/2-1/2

[Event "Le Port Marly Paribas blitz op"]
[Site "Le Port Marly"]
[Date "2012.06.16"]
[Round "12.6"]
[White "Moingt, Jean Claude"]
[Black "Decosse, Jean Fabien"]
[Result "1-0"]
[WhiteElo "2150"]
[BlackElo "2440"]
[PlyCount "108"]
[EventDate "2012.06.18"]
[EventType "swiss (blitz)"]
[EventRounds "13"]
[EventCountry "FRA"]
[SourceTitle "EXT 2014"]
[Source "ChessBase"]
[SourceDate "2013.11.20"]
[SourceVersion "1"]
[SourceVersionDate "2013.11.20"]
[SourceQuality "1"]

1. d4 d6 2. e4 Nf6 3. Nc3 e5 4. Nf3 Nbd7 5. Bc4 Be7 6. 0-0 0-0 7. Qe2 a6 8. a4 c6 9. Rd1 Qc7 10. h3 Rb8 11. Be3 b5 12. axb5 axb5 13. dxe5 Nxe5 14. Nxe5 dxe5 15. Bb3 b4 16. Ra7 Rb7 17. Rxb7 Qxb7 18. Na4 Nxe4 19. Bb6 Ng5 20. Qxe5 Bf6 21. Qe3 Ne6 22. Rd6 Bd7 23. Qd2 Bc8 24. Qxb4 Re8 25. c3 Be7 26. Bxe6 Bxe6 27. Nc5 Qb8 28. Rd1 Bd5 29. Qa5 Qf4 30. Qb4 Qg5 31. Qg4 Qf6 32. Qd7 Rb8 33. Bc7 Ra8 34. b4 Qg6 35. Bg3 Bxc5 36. bxc5 Qe4 37. f3 Qe2 38. Re1 h6 39. Bh4 Ra1 40. Kh2 Ra8 41. Bg3 Rf8 42. Bd6 Ra8 43. Qg4 Kh7 44. Be5 f6 45. Bd6 Ra2 46. Bf8 g5 47. Qd7+ Kg6 48. Qe8+ Kf5 49. Bd6 Bxf3 50. Kg3 Bd5 51. Qd7+ Kg6 52. Qe8+ Kf5 53. Qd7+ Be6 54. Qe8 Rc2 1-0

[Event "FRA-chT1A 1112"]
[Site "France"]
[Date "2011.11.12"]
[Round "2.4"]
[White "Hutin, Christophe"]
[Black "Decosse, Jean Fabien"]
[Result "1-0"]
[WhiteElo "2127"]
[BlackElo "2210"]
[PlyCount "83"]
[EventDate "2011.10.16"]
[EventType "team-tourn"]
[EventRounds "11"]
[EventCountry "FRA"]
[SourceTitle "EXT 2013"]
[Source "ChessBase"]
[SourceDate "2012.11.22"]
[SourceVersion "1"]
[SourceVersionDate "2012.11.22"]
[SourceQuality "1"]
[WhiteTeam "Loures Barousse"]
[BlackTeam "Lisieux"]
[WhiteTeamCountry "FRA"]
[BlackTeamCountry "FRA"]

1. e4 d6 2. d4 Nf6 3. Nc3 e5 4. Nf3 Nbd7 5. Bc4 Be7 6. 0-0 0-0 7. a4 a6 8. Qe2 c6 9. Rd1 Qc7 10. a5 exd4 11. Nxd4 Ne5 12. Bb3 c5 13. Nf5 Bxf5 14. exf5 c4 15. Ba2 Qxa5 16. h3 b5 17. Be3 Qd8 18. f4 Nc6 19. Qf3 Nb4 20. Bb1 Qc8 21. g4 Rd8 22. g5 Ne8 23. Bb6 Qxf5 24. Bxd8 Rxd8 25. Nd5 Nxd5 26. Rxd5 Qe6 27. c3 Nc7 28. Rd1 d5 29. Bc2 Bc5+ 30. Kg2 Qd6 31. Bf5 g6 32. Bg4 Bb6 33. h4 Ne6 34. Bxe6 fxe6 35. Rxa6 Rf8 36. Re1 Qc6 37. h5 Qb7 38. Raa1 Bc7 39. hxg6 Rxf4 40. Qh5 d4+ 41. Kg1 Bb8 42. Rxe6 1-0

[Event "FRA-chT2 0910"]
[Site "France"]
[Date "2010.01.24"]
[Round "7.4"]
[White "Dinayet, Kazi Rashed Ullah"]
[Black "Decosse, Jean Fabien"]
[Result "0-1"]
[WhiteElo "2083"]
[BlackElo "2243"]
[PlyCount "82"]
[EventDate "2009.09.27"]
[EventType "team-tourn"]
[EventRounds "11"]
[EventCountry "FRA"]
[SourceTitle "EXT 2011"]
[Source "ChessBase"]
[SourceDate "2010.11.26"]
[SourceVersion "1"]
[SourceVersionDate "2010.11.26"]
[SourceQuality "1"]

1. e4 c6 2. d4 d6 3. Nf3 g6 4. Be2 Bg7 5. c3 Nd7 6. 0-0 e5 7. Qc2 Qe7 8. a4 Ngf6 9. Nbd2 0-0 10. b4 Re8 11. Bd3 d5 12. dxe5 dxe4 13. exf6 exd3 14. fxe7 dxc2 15. Bb2 a5 16. bxa5 Rxe7 17. Rfe1 Rxe1+ 18. Rxe1 Nf6 19. Nd4 Rxa5 20. Nc4 Rxa4 21. Nb6 Ra2 22. Bc1 Be6 23. Nxe6 fxe6 24. Kf1 Nd5 25. Nxd5 exd5 26. Bd2 Rb2 27. Rc1 Rb1 28. Ke2 Rxc1 29. Bxc1 Bxc3 30. Kd3 Bf6 31. Kxc2 Kf7 32. Kb3 Bd4 33. f4 Ke6 34. g4 b5 35. Bd2 c5 36. h3 Bg7 37. Be3 d4 38. Bc1 Kd5 39. Kc2 c4 40. h4 Ke4 41. Kd1 b4 0-1

[Event "FRA-chT2 0910"]
[Site "France"]
[Date "2009.11.22"]
[Round "4.2"]
[White "Deslandes, Pascal"]
[Black "Decosse, Jean Fabien"]
[Result "1/2-1/2"]
[WhiteElo "2314"]
[BlackElo "2237"]
[PlyCount "51"]
[EventDate "2009.09.27"]
[EventType "team-tourn"]
[EventRounds "11"]
[EventCountry "FRA"]
[SourceTitle "EXT 2011"]
[Source "ChessBase"]
[SourceDate "2010.11.26"]
[SourceVersion "1"]
[SourceVersionDate "2010.11.26"]
[SourceQuality "1"]

1. e4 c6 2. d4 g6 3. Nf3 Bg7 4. Bd3 d6 5. 0-0 Nd7 6. Nbd2 e5 7. c3 Qe7 8. b3 Ngf6 9. Ba3 c5 10. Re1 0-0 11. Qc2 b6 12. Rad1 Bb7 13. Nc4 Nh5 14. Bf1 Rfd8 15. dxc5 Nxc5 16. b4 Ne6 17. Ne3 Nf6 18. Nd5 Nxd5 19. exd5 Ng5 20. Nxg5 Qxg5 21. c4 Qe7 22. Qb3 Qc7 23. Rc1 Rac8 24. Red1 Bf8 25. g3 Qd7 26. Qe3 1/2-1/2

[Event "FRA-chT2 West 0708"]
[Site "France"]
[Date "2008.01.20"]
[Round "6.4"]
[White "Bollore, Jacques"]
[Black "Decosse, Jean Fabien"]
[Result "0-1"]
[WhiteElo "2119"]
[BlackElo "2239"]
[PlyCount "84"]
[EventDate "2007.10.21"]
[EventType "team-tourn"]
[EventRounds "11"]
[EventCountry "FRA"]
[SourceTitle "EXT 2009"]
[Source "ChessBase"]
[SourceDate "2008.11.26"]
[SourceVersion "1"]
[SourceVersionDate "2008.11.26"]
[SourceQuality "1"]
[WhiteTeam "Quimper"]
[BlackTeam "Lisieux"]
[WhiteTeamCountry "FRA"]
[BlackTeamCountry "FRA"]

1. e4 g6 2. Nc3 c6 3. Bc4 d6 4. d3 Bg7 5. Bb3 Nd7 6. Be3 Nc5 7. Nf3 Nxb3 8. axb3 a6 9. h3 e5 10. Na4 c5 11. Qd2 h6 12. b4 b6 13. bxc5 bxc5 14. b4 cxb4 15. Qxb4 Ne7 16. Nb6 Rb8 17. Qa4+ Bd7 18. Nxd7 Qxd7 19. Qxd7+ Kxd7 20. Kd2 Ra8 21. Rhb1 Rhc8 22. c3 Rc6 23. Kc2 d5 24. Rb7+ Rc7 25. Rxc7+ Kxc7 26. Bc5 dxe4 27. Bxe7 exf3 28. gxf3 Kd7 29. Bb4 Ke6 30. Ra5 Bf6 31. Kd2 Bd8 32. Rc5 a5 33. Rc6+ Kd7 34. Rd6+ Kc7 35. Rxd8 Kxd8 36. Ba3 Kd7 37. Kc2 Rb8 38. Bc5 Rb7 39. Be3 h5 40. Bc1 Rb6 41. h4 Rf6 42. f4 Rxf4 0-1

[Event "FRA-chT2 West 0708"]
[Site "France"]
[Date "2007.12.16"]
[Round "4.3"]
[White "Moussard, Jules"]
[Black "Decosse, Jean Fabien"]
[Result "1-0"]
[WhiteElo "2261"]
[BlackElo "2245"]
[PlyCount "67"]
[EventDate "2007.10.21"]
[EventType "team-tourn"]
[EventRounds "11"]
[EventCountry "FRA"]
[SourceTitle "EXT 2009"]
[Source "ChessBase"]
[SourceDate "2008.11.26"]
[SourceVersion "1"]
[SourceVersionDate "2008.11.26"]
[SourceQuality "1"]
[WhiteTeam "Evry Grand Roque II"]
[BlackTeam "Lisieux"]
[WhiteTeamCountry "FRA"]
[BlackTeamCountry "FRA"]

1. e4 c6 2. d4 g6 3. Nc3 d6 4. Bc4 Bg7 5. Qf3 e6 6. Nge2 Nd7 7. Bb3 Qe7 8. Be3 e5 9. 0-0-0 Ngf6 10. h3 b6 11. g4 h5 12. g5 Nh7 13. Qg3 Bb7 14. f4 0-0-0 15. fxe5 dxe5 16. Rhf1 f6 17. d5 c5 18. d6 Qe8 19. Nb5 Ndf8 20. d7+ Rxd7 21. Nd6+ Rxd6 22. Rxd6 Qe7 23. Rfd1 f5 24. exf5 gxf5 25. Qf2 f4 26. Bxc5 Qc7 27. Ba3 Nxg5 28. Qh4 Nfh7 29. Nc3 Bf8 30. Nb5 Bxd6 31. Bxd6 Qd7 32. Nxa7+ Kd8 33. Bxe5 Qxd1+ 34. Kxd1 1-0

[Event "FRA-chT2 West 0708"]
[Site "France"]
[Date "2007.11.25"]
[Round "3.2"]
[White "Mokcsay, Robert"]
[Black "Decosse, Jean Fabien"]
[Result "1/2-1/2"]
[WhiteElo "2299"]
[BlackElo "2245"]
[PlyCount "30"]
[EventDate "2007.10.21"]
[EventType "team-tourn"]
[EventRounds "11"]
[EventCountry "FRA"]
[SourceTitle "EXT 2009"]
[Source "ChessBase"]
[SourceDate "2008.11.26"]
[SourceVersion "1"]
[SourceVersionDate "2008.11.26"]
[SourceQuality "1"]
[WhiteTeam "Bagneux"]
[BlackTeam "Lisieux"]
[WhiteTeamCountry "FRA"]
[BlackTeamCountry "FRA"]

1. c4 g6 2. Nc3 Bg7 3. g3 c6 4. Bg2 d6 5. e4 Nd7 6. Nge2 e5 7. 0-0 Ne7 8. d3 0-0 9. Be3 f5 10. Qd2 Nf6 11. Bg5 Rf7 12. Bh3 Qf8 13. exf5 gxf5 14. d4 h6 15. dxe5 dxe5 1/2-1/2

[Event "FRA-chT2 West 0708"]
[Site "France"]
[Date "2007.11.24"]
[Round "2.3"]
[White "Tripoteau, Nicolas"]
[Black "Decosse, Jean Fabien"]
[Result "1-0"]
[WhiteElo "2298"]
[BlackElo "2245"]
[PlyCount "53"]
[EventDate "2007.10.21"]
[EventType "team-tourn"]
[EventRounds "11"]
[EventCountry "FRA"]
[SourceTitle "EXT 2009"]
[Source "ChessBase"]
[SourceDate "2008.11.26"]
[SourceVersion "1"]
[SourceVersionDate "2008.11.26"]
[SourceQuality "1"]
[WhiteTeam "Sautron"]
[BlackTeam "Lisieux"]
[WhiteTeamCountry "FRA"]
[BlackTeamCountry "FRA"]

1. d4 g6 2. e4 c5 3. Nc3 d6 4. Bc4 Bg7 5. Qf3 e6 6. Nge2 Qe7 7. Qg3 Nd7 8. Bg5 f6 9. Be3 Nb6 10. Bb3 Nh6 11. a4 Nf7 12. a5 Nd7 13. Nf4 Nf8 14. 0-0 Bh6 15. e5 Bxf4 16. Bxf4 dxe5 17. dxe5 f5 18. Be3 g5 19. f4 gxf4 20. Qxf4 Ng6 21. Qf2 Nfxe5 22. Bxc5 Ng4 23. Qd4 Qd8 24. Bd6 Nh6 25. Rae1 Nf7 26. Bxe6 Nxd6 27. Bxf5+ 1-0